Central Library OPAC University of Rajshahi

Mechanics applied to engineering / (Record no. 14375)

MARC details
000 -LEADER
fixed length control field 00811cam a2200265u 4500
001 - CONTROL NUMBER
control field 14375
003 - CONTROL NUMBER IDENTIFIER
rucl marc code BD-RjUL
005 - DATE AND TIME OF LATEST TRANSACTION
control field 20211208235621.0
008 - FIXED-LENGTH DATA ELEMENTS--GENERAL INFORMATION
fixed length control field 140205t1930 nyua 001 0 eng
035 ## - SYSTEM CONTROL NUMBER
System control number (BD-RjUL)14427
040 ## - CATALOGING SOURCE
Original cataloging agency DLC
Transcribing agency CarP
Modifying agency DLC
-- BD-RjUL
Language of cataloging eng
041 ## - LANGUAGE CODE
Language code of text/sound track or separate title eng
082 04 - DEWEY DECIMAL CLASSIFICATION NUMBER
Edition number 16
Classification number 621
Author mark and year GOM 1930
100 1# - MAIN ENTRY--PERSONAL NAME
Personal name Goodman, John,
Dates associated with a name 1862- [from old catalog]
9 (RLIN) 44855
245 10 - TITLE STATEMENT
Title Mechanics applied to engineering /
Statement of responsibility, etc. by john Goodman.
Number of part/section of a work Volume-1
250 ## - EDITION STATEMENT
Edition statement 9th ed.
260 ## - PUBLICATION, DISTRIBUTION, ETC. (IMPRINT)
Place of publication, distribution, etc. New York ;
-- London :
Name of publisher, distributor, etc. Longmans, Green and co.,
Date of publication, distribution, etc. 1930.
300 ## - PHYSICAL DESCRIPTION
Pagination V-1 (viii, 853 p.) :
Illustrations illus. diagrs. ;
Size 19 cm.
504 ## - BIBLIOGRAPHY, ETC. NOTE
Bibliography, etc includes index.
650 #0 - SUBJECT ADDED ENTRY--TOPICAL TERM
Topical term or geographic name as entry element Mechanics, Applied.
9 (RLIN) 27188
Topical term or geographic name as entry element Mechanical engineering.
9 (RLIN) 44856
942 ## - ADDED ENTRY ELEMENTS (KOHA)
Source of classification or shelving scheme Dewey Decimal Classification
Koha item type Books
Holdings
Lost status Source of classification or shelving scheme Materials specified (bound volume or other part) Damaged status Not for loan Collection code Permanent Location Current Location Shelving location Date acquired Source of acquisition Total Checkouts Full call number Date last seen Copy number Koha item type
  Dewey Decimal Classification V-1   Not For Loan Non-fiction Central Library, University of Rajshahi Central Library, University of Rajshahi Reading Room 24/06/1976 Asia Foundation   621 GOM 1930 05/02/2014 C-1 Books